The Hellenic world : A sociological analysis
محفوظ في:
| المؤلف الرئيسي: | |
|---|---|
| التنسيق: | كتاب |
| اللغة: | Undetermined |
| منشور في: |
New York, NY
Harper Torchbooks
1965
|
| الموضوعات: | |
| الوسوم: |
إضافة وسم
لا توجد وسوم, كن أول من يضع وسما على هذه التسجيلة!
|
| Thư viện lưu trữ: | Trung tâm Học liệu Trường Đại học Cần Thơ |
|---|
| LEADER | 00569nam a2200217Ia 4500 | ||
|---|---|---|---|
| 001 | CTU_44022 | ||
| 008 | 210402s9999 xx 000 0 und d | ||
| 082 | |a 938.02 | ||
| 082 | |b G696 | ||
| 100 | |a Gouldner, Alvin W | ||
| 245 | 4 | |a The Hellenic world : | |
| 245 | 2 | |b A sociological analysis | |
| 245 | 0 | |c Alvin W Gouldner | |
| 260 | |a New York, NY | ||
| 260 | |b Harper Torchbooks | ||
| 260 | |c 1965 | ||
| 650 | |a Greece | ||
| 650 | |x Civilization | ||
| 650 | |y To 146 B.C | ||
| 904 | |i Minh, Huỳnh Mai | ||
| 980 | |a Trung tâm Học liệu Trường Đại học Cần Thơ | ||